All Songs - $NOT - Statistics

General Stats
  • This quiz has been taken 4 times
  • The average score is 18 of 44
Answer Stats
Hint Answer % Correct
- TRAGEDY + BERETTA (feat. Wifisfuneral)
100%
Ethereal Go
100%
- TRAGEDY + GOSHA
100%
Beautiful Havoc 4
67%
Ethereal BENZO
67%
Ethereal Doja (feat. A$AP Rocky)
67%
Ethereal EYE EYE EYE (feat. Kevin Abstract)
67%
Ethereal How U Feel (feat. Joey Bada$$)
67%
Beautiful Havoc Like Me (feat. iann dior)
67%
Beautiful Havoc Mean (feat. Flo Milli)
67%
Ethereal My World (Intro)
67%
Ethereal Once Upon A Time (Outro)
67%
THE TI$$UE FILES PULL UP
67%
Beautiful Havoc Sangria (feat. Denzel Curry)
67%
- TRAGEDY + STRANDED *
67%
Beautiful Havoc Who Do I Trust
67%
Ethereal 5AM
33%
Ethereal ALONE (feat. Trippie Redd)
33%
Beautiful Havoc Demanding
33%
Ethereal Euphoric
33%
Ethereal Halle Berry (feat. Juicy J)
33%
Beautiful Havoc Havoc
33%
Ethereal high IQ
33%
Beautiful Havoc Horizon
33%
Beautiful Havoc "Life"
33%
- TRAGEDY + MISTAKE (CHOPPA BOY)
33%
- TRAGEDY + MONARCH
33%
- TRAGEDY + Moon & Stars (feat. Maggie Lindemann)
33%
- TRAGEDY + PRESSURE
33%
Beautiful Havoc Revenge
33%
Beautiful Havoc Toni Braxton
33%
Beautiful Havoc Watch Out (Intro)
33%
- TRAGEDY + WHAT'S THE PROBLEM
33%
- TRAGEDY + YOU KNOW (INTRO)
33%
Ethereal BLUE MOON (feat. Teddi Jones)
0%
THE TI$$UE FILES COUNT IT UP (feat. Cameron Azi & $ubjectz)
0%
- TRAGEDY + FALL IN LOVE
0%
Ethereal Fighting Me
0%
- TRAGEDY + MEGAN
0%
- TRAGEDY + ROADRUNNER +
0%
THE TI$$UE FILES SKEEZER
0%
THE TI$$UE FILES STEEZ
0%
THE TI$$UE FILES STORMS
0%
THE TI$$UE FILES WAVY SEAL
0%
No matching quizzes found
Score Distribution
Percent of People with Each Score
Percentile by Number Answered
Your Score History
You have not taken this quiz